000 00997nam a22003377a 4500
001 0027206
003 KOHA_MİRAKIL
005 20260207002550.0
007 ta
008 110128b2000 usa|||gr||||#0|||1|eng |
020 _a0582439396
_c3,5
040 _aTR-BiSEU
_btur
_cTR-BiSEU
_erda
041 0 _aeng
044 _cus
050 _aPE1128.C66
_bI54 2000
100 1 _aCooper, James Fenimore.
245 1 4 _aThe last of the mohicans/
_cJames Fenimore Cooper ; James Fenimore Cooper; retold by Coolen Degnan-Veness.
264 1 _aHarlow :
_bPearson Education Limited
_c2000
300 _a vi, 40 sayfa :
_bill. ;
_c20 cm.
336 _ametin
_btxt
_2rdacontent
337 _aaracısız
_bn
_2rdamedia
338 _acilt
_bnc
_2rdacarrier
490 0 _aPenguin Readers.
490 0 _aLevel 2.
650 0 _aİngilizce Hikaye.
_950471
650 0 _aEnglish Story.
_950470
830 0 _aPenguin Readers.
_950464
830 0 _aLevel 2.
_953909
907 _aDil
942 _2lcc
_cBK
999 _c27140
_d27140